00742nam a22002057a 450000500170000001000130001702000220003003500130005203700160006504000120008108200150009324502010010826000640030927000590037330000280043250000190046065000140047965000260049370000170051920170124110036.0 aA-540974 c00.00a8121505168 aA-540974 bCen Lib/Ret adplbEN a915.4bREC aA record of buddhist kingdoms :ctranslated by James Leggebbeing an account by the chinese monk Fa-Hein of travels in India and ceylon (AD 399-414) in search of the buddhidt books of discipline / bMunshiram Manoharlal Publishers Pvt. Ltd. aNew Delhic1991 aPost Box 5715, 54 Rani Jhanshi RoadbNew Delhie110055 a123p. :c20cm(Hb)bill. aIncludes index aBuddhism. aKingdoms of Buddhist. aLegge, James